Fr. Conceicao Rodrigues College of Engineering

Principles of Electronic Communication Systems (Record no. 33006)

MARC details
000 -LEADER
fixed length control field 00442nam a2200181Ia 4500
082 ## - DEWEY DECIMAL CLASSIFICATION NUMBER
Classification number 621.382/FRE
Item number FRE
100 ## - MAIN ENTRY--PERSONAL NAME
Personal name Frenzel/L.E
250 ## - EDITION STATEMENT
Edition statement 3
245 ## - TITLE STATEMENT
Title Principles of Electronic Communication Systems
260 ## - PUBLICATION, DISTRIBUTION, ETC.
Name of publisher, distributor, etc. McGraw-Hill International Edition
Place of publication, distribution, etc. New Delhi
Date of publication, distribution, etc. 2008
366 ## - TRADE AVAILABILITY INFORMATION
Publishers's discount category 20
300 ## - PHYSICAL DESCRIPTION
Extent 885
546 ## - LANGUAGE NOTE
Language note ENGLISH
650 ## - SUBJECT ADDED ENTRY--TOPICAL TERM
Topical term or geographic name entry element Communication systems
654 ## - SUBJECT ADDED ENTRY--FACETED TOPICAL TERMS
Focus term coommunication systems
942 ## - ADDED ENTRY ELEMENTS (KOHA)
Koha item type BOOK
Holdings
Withdrawn status Lost status Damaged status Not for loan Collection Home library Current library Date acquired Source of acquisition Cost, normal purchase price Inventory number Total Checkouts Full call number Barcode Date last seen Cost, replacement price Price effective from Koha item type
        CRC Fr. Agnel's C.Rodrigues College of Engineering Fr. Agnel's C.Rodrigues College of Engineering 17/03/2023 Professional Book House. 375.00 562 dt 25/03/2008   621.382/FRE FRE 18586 17/03/2023 395.00   BOOK